| 000 | 00975nam a22002297a 4500 | ||
|---|---|---|---|
| 999 |
_c1083 _d1083 |
||
| 003 | AR-CdUCM | ||
| 008 | 190226b ||||| |||| 00| 0 spa d | ||
| 040 |
_aMUNICIPALIDAD PROVINCIAL DEL CUSCO _cBIBLIOTECA MUNICIPAL DEL CUSCO |
||
| 082 |
_a973 / _bR44 |
||
| 110 |
_aOficina de Programas de Información Internacional _aDepartamento de los Estados Unidos _94222 |
||
| 245 | _aReseña de la Historia de los Estados Unidos / | ||
| 260 |
_aEstados Unidos : _bDepartamento de Estado de los Estados Unidos ; _c1994. |
||
| 300 |
_a407 páginas _bmapas, fotografías, cuadros _c21cm |
||
| 505 | _aLoa Albores de Norteamérica -- El Periodo Colonial -- El Camino de la Independencia -- La Formación de un Gobierno Nacional -- Conflictos Sectoriales | ||
| 650 |
_aindependencia _9625 |
||
| 650 |
_agobierno _93819 |
||
| 650 |
_aguerra mundial _94223 |
||
| 650 |
_aposguerra _94224 |
||
| 650 |
_ala guerra del Golfo _94225 |
||
| 942 |
_2ddc _cLIBROS |
||
| 945 |
_anom _d2019-02-26 |
||